| 000 | 00690nam0a22002291 4500 | ||
|---|---|---|---|
| 001 | rc\632315 | ||
| 005 | 20250621191644.0 | ||
| 035 | _a(NLR Aleph) 005874392 | ||
| 090 |
_a6012349 _c6012349 |
||
| 100 | _a20031121d1986 |||y0rusy50 ca | ||
| 101 | 0 | _arus | |
| 102 | _aRU | ||
| 105 | _aa ||||||||| | ||
| 200 | 1 |
_aКолос червонного золота _f[Предисл. А.И. Симакина] |
|
| 210 |
_aКраснодар _cКн. изд-во _d1986 |
||
| 215 |
_a155, [2] с. _cил. _d17 |
||
| 700 | 1 |
_aМельников _bВ.И. _gВладимир Иванович |
|
| 801 | 0 |
_aRU _bNLR _gpsbo |
|
| 801 | 1 |
_aRU _bELAR _2rusmarc |
|
| 852 |
_aNLR _j86-2/3969 |
||
| 942 | _cBOOK | ||
| 980 | _aNB | ||